History Quiz

Random History or Grab Bag Quiz

20th Century History: August Quiz Stats

 Plays Quiz Updated Aug 5, 2019

Score 0/100 Timer 20:00
3 Plays Today
Year Answer % Correct
1901Antarctica
83.1%
1979Provisional IRA
81%
1906Submarine
80.9%
1911Mona Lisa
80.2%
1961Berlin
79.6%
1902Theodore Roosevelt
78.4%
1930Neil Armstrong
78.1%
1951Volkswagen
77.9%
1945Hiroshima
77.3%
1946Bill Clinton
76.5%
1915Warsaw
76.4%
1922Alexander Graham Bell
76.4%
1937Joseph Stalin
76.3%
1959Hawaii
76%
1909Wright brothers
75.1%
1907St. Petersburg
75.1%
1966Mao Zedong
75.1%
1925Ku Klux Klan
74.9%
1917China
74.7%
1933Winston Churchill
74.7%
1974Watergate
74.6%
1985Saudi Arabia
74.1%
1977French
73.6%
1949NATO
73.5%
1914World War I
72.7%
1997Diana, Princess of Wales
72.3%
1988Osama bin Laden
71.2%
1990Kuwait
71.1%
1943Sicily
71%
1941Iran
69%
1944Paris
68.8%
1957Dwight D. Eisenhower
68.8%
1994Havana
67.5%
1921Poliomyelitis
67%
Year Answer % Correct
1968Czechoslovakia
66.8%
1905Sweden
66.6%
1970Venus
66.4%
1955Sudan
66%
1969Charles Manson
65.2%
1948Korea
62.1%
1975Robert E. Lee
62%
1989Colombia
61.8%
1962Charles de Gaulle
61.6%
1991Mikhail Gorbachev
60.5%
1934Führer
59.8%
1992South Africa
59%
1913Bucharest
58.5%
1940Leon Trotsky
56.8%
1923Calvin Coolidge
56.6%
1965Singapore
56.6%
1935Addis Ababa
56.5%
1996Boris Yeltsin
56.5%
1938Hungary
55.2%
1929Yasser Arafat
54.1%
1919Weimar
52.7%
1928Albania
51.9%
1993Buckingham Palace
51.4%
1973Zulfikar Ali Bhutto
50%
1947Jawaharlal Nehru
49.6%
1978Nicaragua
49.6%
1952Israel
49.2%
1956Belgium
49%
1984Manila
48.2%
1964Gulf of Tonkin
48%
1958Taiwan
47.8%
1980Lech Wałęsa
47.8%
1982Lebanon
47.6%
1971Bahrain
45.7%
Year Answer % Correct
1916Portugal
45.6%
1999Timor-Leste
45.1%
2000Nicholas II
44.8%
1953Kazakhstan
44%
1926Mexico
44%
1920Latvia
43.1%
1972Rabat
39%
1908Morocco
37.7%
1904Lhasa
37.7%
1995Bosnia and Herzegovina
35.1%
1924Georgia
35%
1981North Korea
35%
1998Democratic Republic of the Congo
34.8%
1910Montenegro
34.1%
1936John McCain
34.1%
1918Lake Baikal
33.1%
1939Vyacheslav Molotov
32.6%
1967Pulsar
32.4%
1932Paul von Hindenburg
31.6%
1983Burkina Faso
29.9%
1903Pius X
29.4%
1960Benin
28.7%
1963Brazzaville
28.7%
1950Evolution
28.3%
1927Chiang Kai-Shek
26.4%
1942Guadalcanal
25.6%
1954François Hollande
25.5%
1987Rudolf Heß
24.9%
1986Cameroon
23.4%
1976Trinidad and Tobago
22.4%
1912Kuomintang
18.9%
1931Ramsay MacDonald
14.8%

You're not logged in!

Compare scores with friends on all Sporcle quizzes.
OR
Log In

Sporcle TV

Today on Sporcle TV


Watch our educational content, quiz creation guides, and fun videos on Sporcle TV.

Show Comments

Extras

Top Quizzes Today


Score Distribution

Your Account Isn't Verified!

In order to create a playlist on Sporcle, you need to verify the email address you used during registration. Go to your Sporcle Settings to finish the process.

Report this User

Report this user for behavior that violates our Community Guidelines.

Details: